| 000 | 00566nam a2200169 i 4500 | ||
|---|---|---|---|
| 001 | 99142 | ||
| 003 | ES-MaACL | ||
| 005 | 20230906182439.0 | ||
| 007 | t| | ||
| 008 | 050902s1911 fr ||||1| fre d | ||
| 100 | 1 |
_aMartin, Wilhelm. _977377 |
|
| 245 | 1 | 0 |
_aGérard Dou: sa vie et son oeuvre, étude sur la peinture hollandaise et les marchands au dix-septième siècle / _cWilhelm Martin; traduit par Louis Dimier. |
| 260 |
_aParis : _bJouve et Cº, _c1911. |
||
| 300 |
_a228 p. : _bil. ; _c25 cm. |
||
| 700 | 1 |
_aDimier, Louis. _944823 |
|
| 852 |
_aES-MaACL _jF-8960 |
||
| 999 |
_c99142 _d99142 |
||